La economía del sector público
Salvato in:
| Autore principale: | |
|---|---|
| Natura: | Libro |
| Lingua: | spagnolo |
| Pubblicazione: |
Barcelona, España.
Antonio Bosch,
2000
|
| Edizione: | 3a. ed. |
| Soggetti: | |
| Accesso online: | Disponible Online |
| Tags: |
Aggiungi Tag
Nessun Tag, puoi essere il primo ad aggiungerne!!
|
MARC
| LEADER | 00000nam a2200000 a 4500 | ||
|---|---|---|---|
| 001 | UCL9701 | ||
| 003 | CL-VaPUC | ||
| 005 | 20210819074648.0 | ||
| 008 | 040820e20000000SP |||||||||||||||||spa|d | ||
| 999 | |c 310415 |d 310413 | ||
| 020 | |a 8495348055 | ||
| 040 | |c Pontificia Universidad Católica de Valparaíso | ||
| 082 | 0 | 4 | |a 336 STI 2000 |2 21 |
| 100 | 0 | |a Stiglitz, Joseph E |e author |9 487624 | |
| 245 | 1 | 3 | |a La economía del sector público |
| 250 | |a 3a. ed. | ||
| 260 | |a Barcelona, España. |b Antonio Bosch, |c 2000 | ||
| 300 | |a 738 páginas | ||
| 583 | |a last modification |c 20040820 00:00:00 |k Rodrigo Vera | ||
| 650 | 0 | |a Administración pública |9 255343 | |
| 650 | 0 | |a Estado y economía |2 CL-VaPUC |9 383167 | |
| 650 | 0 | |a Gestión económica |2 CL-VaPUC |9 391799 | |
| 650 | 0 | |a Políticas económicas |9 353940 | |
| 650 | 0 | |a Macroeconomía |9 260301 | |
| 650 | 0 | |a Productividad |9 335972 | |
| 856 | |u http://bibliografiadigital.pucv.cl.pucv.idm.oclc.org/index.php/bibliotecapucv/catalog/book/670 |y Disponible Online | ||
| 942 | |c BK |2 ddc | ||
| 945 | |d 20040820 00:00:00 |a cmena | ||
| 952 | |0 0 |1 0 |4 0 |6 336_000000000000000_STI_2000 |7 0 |8 A |9 378805 |a BIBENE |b BIBENE |d 2019-11-21 |i 404973K |o 336 STI 2000 |p 404973K |r 2025-01-15 |w 2019-11-21 |y BK |k ICO | ||